000 00634cam a2200205 4500
008 090401t1990 xxu||||| |||| 00| 0 eng d
020 _a0580186989
035 _a(Sirsi) u40789
041 _aeng
110 _aBritish Standards Institution
_9130
245 _aBuilding setting out and measurement. Part 1: methods of measuring, planning and organization and acceptance criteria.
260 _aLondon
_bBritish Standards Institution
_c1990
300 _aiv, 21p. 30cm.
350 _a0
490 _aBS
_v5964: Part 1: 1990
490 _aISO
_v4463-1: 1989
490 _aEN
_v60 662: 1989 E
942 _n0
948 _c04/03/1997
999 _c90888
_d90888